• 首页
  • 本馆介绍
  • 公告通知
  • 最新文献
  • 馆藏检索
  • 电子资源
  • 读者导购
  • 参考咨询
  • 我的图书馆
  • 登录
  • 详细信息显示
  • 放入我的书架
  • 预约/预借图书
  • 作者相关作品
  • 分类相关作品
  • 丛书相关作品
  • 出版社相关作品

书目信息

  • 表格格式
  • 工作单格式
  • 卡片格式
题名:
居住区规划设计
    
 
作者: 朱家瑾 主编
分册:  
出版信息: 北京   中国建筑工业出版社  2021.3
页数: 12,262页
开本: 28cm
丛书名: 建筑设计指导丛书
单 册:
中图分类: TU984.12
科图分类:
主题词: 居住区--城市规划--设计 , 居住区 , 城市规划
电子资源:
ISBN: 978-7-112-08114-1
000 01070nam0 2200313 45
001 012001001312
005 20211012151947.70
010    @a978-7-112-08114-1@dCNY62.00
100    @a20070327d2007 em y0chiy50 ea
101 0  @achi
102    @aCN@b110000
105    @aa z 000yy
106    @ar
200 1  @a居住区规划设计@Aju zhu qu gui hua she ji@b专著@f朱家瑾主编
205    @a2版
210    @a北京@c中国建筑工业出版社@d2021.3
215    @a12,262页@c图@d28cm@e1光盘
225 2  @a建筑设计指导丛书
307    @a附光盘:ISBN 978-7-900232-18-2
330    @a本书共分理论阐述与实例分析两大部分,主要包括:居住区规划的演变与前瞻;居住区规划设计概念;住宅区的规划组织结构与布局、住宅用地、公共用地、道路用地及停车设施、公共绿地等规划设计;综合技术经济指标等内容。
410  0 @1001012001008693
461  0 @12001 @a建筑设计指导丛书
606 0  @a居住区@x城市规划@x设计
606 0  @a居住区
606 0  @a城市规划
690    @aTU984.12@v4
701  0 @a朱家瑾@Azhu jia jin@4主编
801  0 @aCN@bBJSDL@c20211011
905    @b1333881-4@dTU984.12@e1912=2@f4
    
    居住区规划设计/朱家瑾主编.-2版.-北京:中国建筑工业出版社,2021.3
    12,262页:图;28cm+1光盘.-(建筑设计指导丛书)
    
    
    ISBN 978-7-112-08114-1:CNY62.00
    本书共分理论阐述与实例分析两大部分,主要包括:居住区规划的演变与前瞻;居住区规划设计概念;住宅区的规划组织结构与布局、住宅用地、公共用地、道路用地及停车设施、公共绿地等规划设计;综合技术经济指标等内容。
●
相关链接 在E读中查询图书 在五车中查询图书 在当当中查询图书 在豆瓣中查询图书


正题名:居住区规划设计     索取号:TU984.12/1912=2         预约/预借

序号 登录号 条形码 馆藏地/架位号 状态 备注
1 1333881   213338814   第二样本阅览室/ [索取号:TU984.12/1912=2] 在馆    
2 1333882   213338823   第三借阅区/ [索取号:TU984.12/1912=2] 在馆    
3 1333883   213338832   第三借阅区/ [索取号:TU984.12/1912=2] 在馆    
4 1333884   213338841   第三借阅区/ [索取号:TU984.12/1912=2] 在馆    
唐山师范学院图书馆 欢迎您!
大连网信软件有限公司© 版权所有